[Event "Ì11Â"]
[Site "Loo"]
[Date "2017.04.25"]
[Round "6.17"]
[White "Ïîíîìàðåâ, Âñåâîëîä."]
[Black "Èñìàãèëîâ, Èãîðü."]
[Result "0-1"]
[WhiteElo "1343"]
[BlackElo "1853"]
[PlyCount "114"]
[EventDate "2017.04.20"]

1. e4 c5 2. Nf3 Nc6 3. d4 cxd4 4. Nxd4 Nf6 5. Nc3 e6 6. Be3 Bb4 7. f3 d5 8.
Nxc6 bxc6 9. e5 Nd7 10. f4 O-O 11. a3 Bxc3+ 12. bxc3 Qa5 13. Qd2 Ba6 14. Bd3
Bxd3 15. Qxd3 Nc5 16. Bxc5 Qxc5 17. Qd4 Qa5 18. O-O Rab8 19. f5 Qb6 20. f6 gxf6
21. exf6 Qxd4+ 22. cxd4 Rb2 23. Rfc1 Rfb8 24. Kf1 h6 25. Ke1 Kh7 26. Kd2 Rg8
27. g3 Kg6 28. Rf1 Kh5 29. Kc3 Rbb8 30. Rf4 Rg4 31. Raf1 Rxf4 32. Rxf4 Rb1 33.
Rh4+ Kg5 34. Rf4 a5 35. h3 Rg1 36. Rf3 Rh1 37. h4+ Kg4 38. Rd3 Rb1 39. Re3 h5
40. Re5 Rf1 41. Rg5+ Kh3 42. Rxh5 Kxg3 43. Rh6 Rf3+ 44. Kd2 Rf4 45. Kc3 Rxh4
46. Rxh4 Kxh4 47. Kb3 Kg5 48. Ka4 Kxf6 49. Kxa5 Ke7 50. Kb6 Kd7 51. Kc5 f5 52.
Kb4 Kc7 53. Kc3 Kb6 54. Kb4 Ka6 55. c4 Kb6 56. cxd5 cxd5 57. a4 f4 0-1

[Event "Ì11Â"]
[Site "Loo"]
[Date "2017.04.25"]
[Round "6.19"]
[White "Ñîëîíåíêî, Ìàêñèì."]
[Black "Æèðêîâ, Âëàäèñëàâ."]
[Result "1-0"]
[WhiteElo "1598"]
[BlackElo "1485"]
[PlyCount "137"]
[EventDate "2017.04.20"]

1. d4 d5 2. c4 e6 3. Nc3 Nf6 4. Bg5 Be7 5. e3 Nbd7 6. Nf3 c6 7. cxd5 exd5 8.
Bd3 Bd6 9. O-O O-O 10. a3 a5 11. Bc2 Re8 12. Qd2 Qc7 13. h3 h6 14. Bxf6 Nxf6
15. Rac1 Be6 16. Bb1 Qd7 17. Ne5 Qe7 18. Na4 Bxe5 19. dxe5 Nd7 20. f4 f6 21. f5
Nxe5 22. fxe6 Qxe6 23. Ba2 Nd7 24. Rce1 b5 25. Nc3 Nb6 26. e4 Nc4 27. Bxc4 dxc4
28. Qf4 b4 29. Nb1 Qe7 30. Re2 Rad8 31. Rfe1 Rd4 32. Qf5 Qa7 33. Kh1 Qc7 34.
Qc5 Qd6 35. Qxa5 bxa3 36. Qxa3 c5 37. Qc3 Kh8 38. Nd2 Rd3 39. Qc2 c3 40. bxc3
Rd8 41. Nf3 Qa6 42. e5 f5 43. e6 Re8 44. Re5 Qc4 45. R5e3 Rd5 46. Qe2 Qf4 47.
Re5 Rd6 48. Qe3 Qc4 49. Qxc5 Qxc5 50. Rxc5 Rexe6 51. Rxe6 Rxe6 52. Rxf5 Rc6 53.
Kh2 Rxc3 54. Kg3 Kh7 55. Kg4 Rc2 56. g3 Rc4+ 57. Rf4 Rc5 58. Nd4 Rc7 59. Ne6
Ra7 60. Rc4 Ra6 61. Kf5 g6+ 62. Kf6 h5 63. Kf7 Kh6 64. Rc8 Ra7+ 65. Kf6 Kh7 66.
Rc7+ Rxc7 67. Nxc7 Kh6 68. h4 g5 69. hxg5+ 1-0

[Event "Ì11Â"]
[Site "Loo"]
[Date "2017.04.25"]
[Round "6.22"]
[White "Ãóáàðåâ, Âëàäèñëàâ."]
[Black "Òîìîâ, Åâãåíèé."]
[Result "1-0"]
[WhiteElo "1399"]
[BlackElo "1336"]
[PlyCount "119"]
[EventDate "2017.04.20"]

1. d4 d5 2. c4 c6 3. Nf3 Nf6 4. Nc3 dxc4 5. a4 e6 6. e4 c5 7. Bxc4 cxd4 8. Qxd4
Qxd4 9. Nxd4 Bb4 10. Ndb5 Bxc3+ 11. bxc3 Kd7 12. f3 a6 13. Nd4 Nc6 14. Bb2 Ne5
15. Be2 Ke7 16. Ba3+ Ke8 17. O-O Bd7 18. a5 Rc8 19. Rac1 Nc6 20. Bc5 e5 21. Nf5
Bxf5 22. exf5 e4 23. Rb1 Nd8 24. Bd4 Ke7 25. fxe4 Nxe4 26. Bxa6 bxa6 27. Rfe1
f6 28. Rxe4+ Kf7 29. Rbe1 Nc6 30. Bb6 Rhe8 31. Rxe8 Rxe8 32. Rxe8 Kxe8 33. Kf2
Kd7 34. Ke3 Ne5 35. Ke4 Kc6 36. Kd4 Ng4 37. h3 Ne5 38. c4 Nf7 39. Bc5 Ne5 40.
Bf8 g6 41. fxg6 hxg6 42. Bg7 Nd7 43. g4 g5 44. Ke4 Kd6 45. Kf5 Ke7 46. c5 Nxc5
47. Bxf6+ Kf7 48. Bxg5 Nd7 49. h4 Kg7 50. Bd2 Kh7 51. g5 Nf8 52. h5 Kg7 53.
Bc3+ Kg8 54. g6 Nd7 55. h6 Nf8 56. g7 Nd7 57. Ke6 Nc5+ 58. Ke7 Ne4 59. h7+ Kxh7
60. Kf8 1-0

[Event "Ì11Â"]
[Site "Loo"]
[Date "2017.04.25"]
[Round "6.23"]
[White "Âëàñîâ, Äìèòðèé."]
[Black "Äðîçäîâ, Ìàêñèì."]
[Result "1-0"]
[WhiteElo "1304"]
[BlackElo "1385"]
[PlyCount "97"]
[EventDate "2017.04.20"]

1. e4 c5 2. Nc3 Nc6 3. g3 g6 4. Bg2 Bg7 5. Nh3 d6 6. O-O e6 7. d3 Nge7 8. Bd2
O-O 9. f4 Rb8 10. g4 f5 11. gxf5 exf5 12. exf5 Bxf5 13. Rb1 b5 14. Nd5 Qd7 15.
Nxe7+ Nxe7 16. Nf2 d5 17. Re1 Rfe8 18. Qf3 c4 19. Bb4 cxd3 20. Nxd3 Be4 21. Qf1
Bxg2 22. Qxg2 Nf5 23. Bd2 Bd4+ 24. Kh1 Ne3 25. Bxe3 Bxe3 26. Ne5 Rxe5 27. fxe5
Bc5 28. Rbd1 Rd8 29. e6 Qb7 30. Re5 Qc7 31. Rexd5 Rxd5 32. Qxd5 Be7 33. Qa8+
Bf8 34. Rf1 Qc5 35. Qf3 Bd6 36. c3 Qe5 37. Qf2 Qxe6 38. Re1 Qd5+ 39. Qg2 Qh5
40. Qa8+ Kg7 41. Qxa7+ Kh6 42. Qe3+ Kg7 43. Qd4+ Kg8 44. Qxd6 Qf3+ 45. Kg1 Qg4+
46. Qg3 Qf5 47. Rf1 Qc5+ 48. Kh1 Qd5+ 49. Qf3 1-0

[Event "Ì11Â"]
[Site "Loo"]
[Date "2017.04.25"]
[Round "6.24"]
[White "Áóãàåö, Äàíèèë."]
[Black "Âàôèí, Òàãèð."]
[Result "1/2-1/2"]
[WhiteElo "1418"]
[BlackElo "1428"]
[PlyCount "94"]
[EventDate "2017.04.20"]

1. d4 e6 2. c4 f5 3. Nf3 Nf6 4. g3 d5 5. Bg2 c6 6. Nbd2 Bd6 7. O-O O-O 8. Qc2
Nbd7 9. Ne1 b6 10. Ndf3 Bb7 11. Nd3 Qc7 12. Bf4 Bxf4 13. Nxf4 Qd6 14. Nd3 c5
15. cxd5 Bxd5 16. dxc5 Nxc5 17. Nxc5 bxc5 18. Rfd1 Qb6 19. b3 Rac8 20. Ne5 Bxg2
21. Kxg2 Rfd8 22. Nc4 Qc7 23. Rac1 Nd5 24. Kg1 Nb4 25. Qb2 Rxd1+ 26. Rxd1 Rd8
27. Rd2 Rd7 28. a3 Nc6 29. Kg2 Qd8 30. Rxd7 Qxd7 31. Qd2 Qxd2 32. Nxd2 Kf7 33.
Kf3 Nd4+ 34. Ke3 Ke7 35. Kd3 Kd6 36. e3 Nc6 37. Nc4+ Kd5 38. f3 e5 39. e4+
fxe4+ 40. fxe4+ Ke6 41. Ne3 Nd4 42. b4 cxb4 43. axb4 Kd6 44. Nc4+ Ke6 45. Ne3
Kd6 46. Nc4+ Ke6 47. Ne3 Kd6 1/2-1/2

[Event "Ì11Â"]
[Site "Loo"]
[Date "2017.04.25"]
[Round "6.25"]
[White "Ñóëåéìàíîâ, Ýìèðëàí."]
[Black "ßêóøêîâ, Ïàâåë."]
[Result "1/2-1/2"]
[WhiteElo "1336"]
[BlackElo "1404"]
[PlyCount "118"]
[EventDate "2017.04.20"]

1. e4 c5 2. Nf3 d6 3. d4 cxd4 4. c3 Nf6 5. e5 dxe5 6. Nxe5 Nbd7 7. Nxd7 Bxd7 8.
cxd4 e6 9. Bc4 Bb4+ 10. Bd2 Bxd2+ 11. Nxd2 Bc6 12. Nb3 b6 13. O-O O-O 14. Rc1
Rc8 15. Ba6 Rc7 16. Qc2 Nd5 17. Bd3 g6 18. Qd2 Bb7 19. Rxc7 Qxc7 20. Rc1 Qd7
21. Be4 Rc8 22. Rxc8+ Qxc8 23. Bxd5 Bxd5 24. Nc1 Qd7 25. b3 Bb7 26. Ne2 e5 27.
f4 Qd5 28. Nc3 Qxd4+ 29. Qxd4 exd4 30. Ne2 d3 31. Nc3 Kf8 32. g3 Ke7 33. Kf2 f5
34. Ke3 Be4 35. Nd1 Kd6 36. Nb2 Kd5 37. Nxd3 Bxd3 38. Kxd3 b5 39. b4 a6 40. a3
h6 41. h3 h5 42. h4 Kc6 43. Ke3 Kc7 44. Kd3 Kd7 45. Ke3 Ke6 46. Kd4 Kd6 47. Kc3
Kc7 48. Kd3 Kd7 49. Kc3 Ke6 50. Kd4 Kd6 51. Kc3 Kc7 52. Kd3 Kd7 53. Ke3 Ke7 54.
Kd2 Kd6 55. Ke3 Ke7 56. Kd4 Kd6 57. Kc3 Kc6 58. Kd4 Kd6 59. Ke3 Ke7 1/2-1/2

[Event "Ì13Ï"]
[Site "Loo"]
[Date "2017.04.25"]
[Round "6.1"]
[White "Ðÿáîâ, Ãåîðãèé."]
[Black "Êóçüìèí, Àðñåíèé."]
[Result "1-0"]
[WhiteElo "1700"]
[BlackElo "1877"]
[PlyCount "67"]
[EventDate "2017.04.20"]

1. c4 e5 2. g3 Nc6 3. Bg2 f5 4. d3 Nf6 5. Nc3 Bc5 6. e3 O-O 7. Nge2 d6 8. O-O
Bb6 9. Rb1 a5 10. a3 Be6 11. Nd5 Bxd5 12. cxd5 Ne7 13. e4 Qd7 14. h3 c6 15. Qb3
a4 16. Qxb6 c5 17. Nc3 fxe4 18. dxe4 Nc6 19. dxc6 bxc6 20. Nxa4 Rfb8 21. Nxc5
Qc8 22. Nb7 Rxb7 23. Qe3 Qe6 24. b4 c5 25. Bd2 c4 26. f4 exf4 27. gxf4 Ne8 28.
e5 d5 29. f5 Qc6 30. f6 Qe6 31. f7+ Rxf7 32. Rxf7 Qxf7 33. Rf1 Qe6 34. Qc5 1-0

[Event "Ì13Ï"]
[Site "Loo"]
[Date "2017.04.25"]
[Round "6.2"]
[White "Ãàáèòîâ, Áóëàò."]
[Black "Íàäðøèí, Òèìóð."]
[Result "1-0"]
[WhiteElo "1790"]
[BlackElo "1605"]
[PlyCount "41"]
[EventDate "2017.04.20"]

1. d4 d5 2. c4 e6 3. Nf3 Nf6 4. g3 Nbd7 5. Bg2 c5 6. cxd5 Nxd5 7. O-O cxd4 8.
Nxd4 N7f6 9. e4 Nb4 10. a3 Bc5 11. Be3 Bxd4 12. Bxd4 Nc6 13. Bc5 Nd7 14. Bd6
Nde5 15. b3 Qf6 16. Nc3 Nc4 17. e5 N6xe5 18. bxc4 a6 19. Ne4 Qf5 20. Bb4 Nxc4
21. Rc1 1-0

[Event "Ì13Ï"]
[Site "Loo"]
[Date "2017.04.25"]
[Round "6.3"]
[White "Ìàêèíÿí, Ðóáåí."]
[Black "Õàñàíîâ, Óðàë."]
[Result "1-0"]
[WhiteElo "1713"]
[BlackElo "1431"]
[PlyCount "91"]
[EventDate "2017.04.20"]

1. e4 e5 2. Nf3 Nc6 3. d4 exd4 4. Nxd4 Nf6 5. Nxc6 bxc6 6. e5 Qe7 7. Qe2 Nd5 8.
c4 Ba6 9. b3 g6 10. Bb2 Bg7 11. g3 f6 12. exf6 Bxf6 13. Qxe7+ Kxe7 14. Bxf6+
Nxf6 15. Bg2 Rae8 16. O-O d5 17. Re1+ Kd6 18. Nd2 Rxe1+ 19. Rxe1 Re8 20. Rd1
Bc8 21. b4 Ke7 22. Nb3 dxc4 23. Na5 Bd7 24. Bxc6 Bxc6 25. Nxc6+ Kf8 26. Rc1 Ra8
27. Rxc4 Ke8 28. Kg2 Nd5 29. Rd4 Kd7 30. b5 Ke6 31. Ra4 Nc3 32. Rb4 Kd6 33. a4
a6 34. Rc4 Nd5 35. Nd4 axb5 36. Nxb5+ Kd7 37. Rd4 Ke6 38. Rxd5 Rxa4 39. Nxc7+
Kf6 40. Rc5 h5 41. Nd5+ Kg7 42. Nf4 Ra6 43. Rg5 Kh6 44. Rxg6+ Rxg6 45. Nxg6
Kxg6 46. Kf3 1-0

[Event "Ì13Ï"]
[Site "Loo"]
[Date "2017.04.25"]
[Round "6.4"]
[White "Ãåðàñèìîâ, Âàäèì."]
[Black "Òðóõèí, Äìèòðèé."]
[Result "1/2-1/2"]
[WhiteElo "1717"]
[BlackElo "1773"]
[Annotator ",immortal223"]
[PlyCount "57"]
[EventDate "2017.04.20"]

1. e4 e5 2. Nf3 Nc6 3. d4 exd4 4. Nxd4 Nf6 5. Nc3 Bb4 6. Nxc6 bxc6 7. Bd3 O-O
8. O-O Re8 9. Qf3 d6 10. Bg5 Rb8 11. Ne2 h6 12. Bxf6 Qxf6 13. Qxf6 gxf6 14. Ng3
Kg7 15. Rab1 Be6 16. b3 Kf8 17. Ne2 Bd7 18. c3 Ba5 19. Rbc1 Ke7 20. Rfe1 Rg8
21. Nf4 Bb6 22. Bf1 Rg5 23. Rcd1 Ba5 24. Rd3 Bb6 25. h3 Ra5 26. Re2 Rg8 27. Kh2
Re8 28. g4 Bc8 29. c4 {äàëåå çàïèñü íåðàçáîð~~èâà} 1/2-1/2

[Event "Ì13Ï"]
[Site "Loo"]
[Date "2017.04.25"]
[Round "6.5"]
[White "Äðó÷åíêî, Ìèõàèë."]
[Black "Øêóðàòîâ, Âëàäèìèð."]
[Result "0-1"]
[WhiteElo "1692"]
[BlackElo "1739"]
[PlyCount "68"]
[EventDate "2017.04.20"]

1. e4 c5 2. Nf3 d6 3. d4 cxd4 4. Nxd4 Nf6 5. Nc3 e6 6. Be3 Be7 7. Qd2 Nc6 8.
O-O-O a6 9. f3 Qc7 10. g4 b5 11. g5 Nd7 12. f4 Bb7 13. Bg2 Nb6 14. Nxc6 Bxc6
15. Qd4 Nc4 16. Bf2 O-O 17. h4 Rac8 18. h5 f6 19. Bh3 Bd7 20. h6 b4 21. hxg7
Rf7 22. f5 bxc3 23. b3 Qa5 24. Rdg1 Qxa2 25. Kd1 Qb1+ 26. Ke2 Qxc2+ 27. Kf1 e5
28. Qd5 Ne3+ 29. Bxe3 Bb5+ 30. Qc4 Bxc4+ 31. bxc4 Rb8 32. Bf2 Qxe4 33. Bg3 Rb1+
34. Kf2 Rb2+ 0-1

[Event "Ì13Ï"]
[Site "Loo"]
[Date "2017.04.25"]
[Round "6.6"]
[White "Ñîëîâüåâ, Âëàäèñëàâ."]
[Black "Íèêîëàåâ, Ìàòâåé."]
[Result "1-0"]
[WhiteElo "1730"]
[BlackElo "1664"]
[PlyCount "85"]
[EventDate "2017.04.20"]

1. e4 e5 2. Nc3 Nf6 3. f4 d5 4. fxe5 Nxe4 5. Qf3 f5 6. d3 Nxc3 7. bxc3 d4 8.
Bb2 Nc6 9. Qf4 Bc5 10. Nf3 dxc3 11. Bxc3 Qe7 12. d4 Bb4 13. Qd2 Bxc3 14. Qxc3
Qb4 15. Qxb4 Nxb4 16. Bb5+ Bd7 17. Bxd7+ Kxd7 18. Kd2 Nd5 19. c4 Nf4 20. g3 Ne6
21. Rab1 b6 22. d5 Nc5 23. Nd4 g6 24. Rhf1 h5 25. e6+ Ke7 26. Rbd1 a6 27. Kc2
Kd6 28. Rd2 Ne4 29. Re2 b5 30. Kb3 Kc5 31. Rd1 bxc4+ 32. Kc2 Kxd5 33. Nxf5+ Ke5
34. Ne7 Kf6 35. Nd5+ Ke5 36. Nc3 Kxe6 37. Rxe4+ Kf7 38. Rd7+ Kf6 39. Rxc7 Rad8
40. Rexc4 Rhe8 41. R7c6+ Kf5 42. R4c5+ Kg4 43. Rxg6+ 1-0

[Event "Ì13Ï"]
[Site "Loo"]
[Date "2017.04.25"]
[Round "6.7"]
[White "Äóíàåâ, Äåíèñ."]
[Black "Øîøèí, Êèðèëë."]
[Result "1-0"]
[WhiteElo "1562"]
[BlackElo "1729"]
[PlyCount "73"]
[EventDate "2017.04.20"]

1. d4 Nf6 2. Nf3 c5 3. e3 e6 4. c4 b6 5. Nc3 Bb7 6. Bd3 Be7 7. O-O O-O 8. a3 d6
9. Bc2 cxd4 10. exd4 d5 11. cxd5 Nxd5 12. Re1 Nd7 13. Qd3 N7f6 14. Bg5 g6 15.
Bh6 Re8 16. Ba4 Bf8 17. Bg5 Re7 18. Nxd5 exd5 19. Re5 Ng4 20. Re2 f6 21. Bh4
Bg7 22. Rae1 Rxe2 23. Qxe2 Nh6 24. Qe6+ Kf8 25. Ne5 Bc8 26. Bd7 g5 27. Ng6+
hxg6 28. Qd6+ Kg8 29. Re8+ Qxe8 30. Bxe8 Bb7 31. Qe6+ Kh7 32. Bg3 Nf5 33. Qf7
Nxd4 34. Qxg6+ Kh8 35. Qh5+ Kg8 36. Bf7+ Kf8 37. Bd6# 1-0

[Event "Ì13Ï"]
[Site "Loo"]
[Date "2017.04.25"]
[Round "6.8"]
[White "Ïðóöêîâ, Àëåêñåé."]
[Black "Ñèäîðîâ, Åãîð."]
[Result "1-0"]
[WhiteElo "1727"]
[BlackElo "1662"]
[PlyCount "53"]
[EventDate "2017.04.20"]

1. d4 Nf6 2. c4 g6 3. Nc3 Bg7 4. e4 d6 5. Be2 c5 6. d5 O-O 7. h4 e6 8. h5 exd5
9. cxd5 b5 10. Qc2 b4 11. Nb1 Ba6 12. hxg6 fxg6 13. Bg5 Bxe2 14. Nxe2 Qe7 15.
Nd2 Qf7 16. O-O-O Ng4 17. Rhf1 a5 18. Nc4 Qc7 19. Nf4 Rxf4 20. Bxf4 Ne5 21.
Bxe5 dxe5 22. d6 Qd8 23. Ne3 Nc6 24. Qxc5 Nd4 25. Nd5 Rc8 26. Ne7+ Qxe7 27.
Qxc8+ 1-0

[Event "Ì13Ï"]
[Site "Loo"]
[Date "2017.04.25"]
[Round "6.9"]
[White "Äåðåâùèêîâ, Íèêèòà."]
[Black "Îñèïîâ, Àëåêñàíäð."]
[Result "1-0"]
[WhiteElo "1523"]
[BlackElo "1855"]
[PlyCount "179"]
[EventDate "2017.04.20"]

1. e4 e6 2. d4 d5 3. exd5 exd5 4. Bd3 c5 5. Bb5+ Bd7 6. Qe2+ Be7 7. Bxd7+ Nxd7
8. dxc5 Nxc5 9. Nc3 Nf6 10. Nf3 O-O 11. O-O Re8 12. Be3 Qd7 13. Rad1 Rad8 14.
Rfe1 Bd6 15. Qb5 b6 16. h3 Qf5 17. Nd4 Qe5 18. Nf3 Qh5 19. a3 h6 20. Ne2 Nfe4
21. b4 Ne6 22. Qd3 N4g5 23. Nxg5 hxg5 24. Qf5 g6 25. Qg4 Qxg4 26. hxg4 Rd7 27.
Nd4 Nxd4 28. Rxd4 Bf4 29. g3 Bxe3 30. Rxe3 Rxe3 31. fxe3 Rc7 32. Rxd5 Rxc2 33.
Rd7 a5 34. bxa5 bxa5 35. Rd5 a4 36. Rd4 Ra2 37. Rxa4 Kg7 38. Ra6 Kf8 39. a4 Ke7
40. a5 Kf8 41. Ra8+ Ke7 42. a6 Kf6 43. a7 Kg7 44. Kf1 Kh7 45. Ke1 Kg7 46. Kd1
Kh7 47. Kc1 Kg7 48. Kb1 Ra6 49. Kb2 Kh7 50. Kb3 Kg7 51. Kb4 Kf6 52. Kb5 Ra1 53.
Kc6 Ra2 54. e4 Ra1 55. Kd6 Ra2 56. Kc7 Ra1 57. Kb7 Rb1+ 58. Ka6 Ra1+ 59. Kb5
Ra2 60. Kc6 Ra1 61. Kd7 Ra2 62. Kd8 Ra1 63. Ke8 Kg7 64. Ke7 Ra2 65. Kd6 Ra1 66.
Kd5 Ra2 67. Kc4 Ra1 68. Kb3 Ra6 69. Kb4 Ra1 70. Kb5 Ra2 71. Kb6 Rb2+ 72. Kc7
Ra2 73. Kb6 Rb2+ 74. Kc5 Ra2 75. Kb4 Ra1 76. Kb3 Ra6 77. Kc4 Ra5 78. Kb4 Ra6
79. Kb5 Ra1 80. Kc6 Ra2 81. Kd7 Ra1 82. Kd6 Ra6+ 83. Kd5 Ra5+ 84. Kd6 Ra6+ 85.
Ke7 Ra1 86. Kd6 Ra2 87. e5 Ra6+ 88. Kd7 Ra5 89. Kc6 Ra6+ 90. Kb7 1-0

[Event "Ì13Ï"]
[Site "Loo"]
[Date "2017.04.25"]
[Round "6.10"]
[White "Èâàíîâ, Àðòåì."]
[Black "Øâåòêî, Ðîìàí."]
[Result "0-1"]
[WhiteElo "1832"]
[BlackElo "1614"]
[PlyCount "86"]
[EventDate "2017.04.20"]

1. e4 e5 2. Nf3 Nf6 3. Nxe5 d6 4. Nf3 Nxe4 5. d4 d5 6. Bd3 Nc6 7. O-O Be7 8. c4
Nf6 9. Nc3 O-O 10. Re1 Bg4 11. cxd5 Nxd5 12. Be4 Nf6 13. d5 Nxe4 14. Rxe4 Bxf3
15. Qxf3 f5 16. Re1 Nd4 17. Qd3 Bf6 18. Be3 c5 19. dxc6 Nf3+ 20. gxf3 Qxd3 21.
cxb7 Rab8 22. Rad1 Qa6 23. Bc5 Bxc3 24. bxc3 Rfd8 25. Rxd8+ Rxd8 26. Re7 Rd1+
27. Kg2 Qg6+ 28. Kh3 Rd8 29. Rd7 Rb8 30. Bxa7 Qc6 31. Bxb8 Qxd7 32. Be5 Qxb7
33. Kg3 Qa6 34. c4 Qxa2 35. c5 Qd5 36. Bd6 Kf7 37. f4 Qh1 38. Be5 h5 39. h3 h4+
40. Kxh4 Qf3 41. Bd6 Qxf2+ 42. Kg5 g6 43. c6 Qg3+ 0-1

[Event "Ì13Ï"]
[Site "Loo"]
[Date "2017.04.25"]
[Round "6.11"]
[White "Ñàáèðîâ, Òèìóð."]
[Black "Äîáøèíîâ, Âëàä."]
[Result "1-0"]
[WhiteElo "1757"]
[BlackElo "1602"]
[PlyCount "85"]
[EventDate "2017.04.20"]

1. Nf3 Nf6 2. g3 d5 3. Bg2 Bf5 4. O-O e6 5. d4 c5 6. c4 Nc6 7. cxd5 Nxd5 8. Ne5
Nxe5 9. dxe5 Bg6 10. f4 Nb4 11. Qa4+ Qd7 12. Qxd7+ Kxd7 13. Na3 Nc6 14. Be3 a6
15. Rac1 Bh5 16. Rfd1+ Kc7 17. Rd2 Be7 18. Bxc5 Bxc5+ 19. Rxc5 Rad8 20. Rdc2
Rd7 21. Bxc6 Rd1+ 22. Kg2 bxc6 23. Rxc6+ Kd7 24. Nc4 Kxc6 25. Ne3+ Kd7 26. Nxd1
Bg6 27. Rd2+ Ke7 28. Nc3 Rb8 29. e4 Rb4 30. Kf3 h6 31. f5 Bh7 32. g4 Rc4 33. h4
Rc5 34. Kf4 f6 35. exf6+ gxf6 36. Rg2 h5 37. gxh5 Kf7 38. h6 Kf8 39. Rg7 Bg8
40. Ra7 e5+ 41. Ke3 Bf7 42. h7 Kg7 43. Rxf7+ 1-0

[Event "Ì13Ï"]
[Site "Loo"]
[Date "2017.04.25"]
[Round "6.12"]
[White "Êèðþøèí, Èâàí."]
[Black "Ïåòðóøèí, Äìèòðèé."]
[Result "0-1"]
[WhiteElo "1640"]
[BlackElo "1721"]
[PlyCount "82"]
[EventDate "2017.04.20"]

1. e4 c5 2. Nc3 Nc6 3. g3 g6 4. Bg2 Bg7 5. f4 d6 6. d3 e5 7. Nf3 Nge7 8. h3 f5
9. O-O O-O 10. Nd5 h6 11. Rb1 Be6 12. c4 Qd7 13. Kh2 Kh7 14. a3 Rab8 15. Qa4
Nc8 16. b4 fxe4 17. dxe4 cxb4 18. axb4 b5 19. cxb5 Nd4 20. Nxd4 exd4 21. Ba3
Rxb5 22. Nc7 Bc4 23. Rfc1 Nb6 24. Qa6 Rxb4 25. Qxa7 Nc8 26. Qa5 Ra4 27. Qd2
Qxc7 28. Bb4 Qf7 29. Qc2 Bb5 30. Bf1 d3 31. Qc7 Ra2+ 32. Kh1 Qe6 33. Bg2 Kg8
34. Be1 d2 35. Bxd2 Rxd2 36. Rxb5 Rxg2 37. Kxg2 Qxe4+ 38. Kh2 Qe2+ 39. Kh1 Qxb5
40. Qc2 Qf5 41. Qc4+ d5 0-1

[Event "Ì13Ï"]
[Site "Loo"]
[Date "2017.04.25"]
[Round "6.13"]
[White "Ìåëüíèêîâ, Âÿ÷åñëàâ."]
[Black "Ðîìàíîâ, Ìàêñèì."]
[Result "1-0"]
[WhiteElo "1637"]
[BlackElo "1700"]
[PlyCount "95"]
[EventDate "2017.04.20"]

1. e4 c5 2. Nf3 d6 3. d4 cxd4 4. Nxd4 Nf6 5. Nc3 a6 6. g3 b5 7. a3 Bb7 8. Bg2
Nbd7 9. O-O e6 10. Re1 Be7 11. e5 dxe5 12. Bxb7 exd4 13. Bxa8 Qxa8 14. Qxd4 Bc5
15. Qd1 h5 16. Be3 Bxe3 17. Rxe3 Ng4 18. Qf3 Qa7 19. Re2 Nde5 20. Qg2 Nd7 21.
Ne4 O-O 22. Rd1 Nb6 23. h3 Ne5 24. Nd6 Nec4 25. Nxc4 Nxc4 26. c3 a5 27. Qc6 Qb8
28. a4 Rc8 29. Qxb5 Qxb5 30. axb5 Rc5 31. b3 Ne5 32. c4 h4 33. Ra1 Nf3+ 34. Kg2
Nd4 35. Rb2 hxg3 36. fxg3 e5 37. Rxa5 e4 38. Ra8+ Kh7 39. Rd8 Ne6 40. Rd5 Rc8
41. b6 Rb8 42. c5 g6 43. Kf2 f5 44. b4 f4 45. gxf4 Nxf4 46. Rd7+ Kh6 47. Ke3
Nd3 48. Rxd3 1-0

[Event "Ì13Ï"]
[Site "Loo"]
[Date "2017.04.25"]
[Round "6.14"]
[White "Øàëèìî, Åâãåíèé."]
[Black "Îãîðîäíèêîâ, Íèêîëàé."]
[Result "1/2-1/2"]
[WhiteElo "1557"]
[BlackElo "1672"]
[PlyCount "113"]
[EventDate "2017.04.20"]

1. Nf3 Nf6 2. d4 c5 3. c3 d5 4. Bf4 Nc6 5. e3 Bg4 6. Bd3 e6 7. O-O Bd6 8. h3
Bh5 9. Nbd2 Bxf4 10. exf4 cxd4 11. g4 dxc3 12. bxc3 Nxg4 13. hxg4 Bxg4 14. Kg2
Qf6 15. Kg3 Qxc3 16. Qb3 Qxb3 17. Nxb3 Bxf3 18. Kxf3 Ke7 19. Rh1 g6 20. Rhe1
Kd6 21. Rac1 Rac8 22. Nc5 Nd4+ 23. Ke3 Rxc5 24. Kxd4 Rhc8 25. Rb1 b6 26. a4 h5
27. Rb5 Rc1 28. Rb1 Rxe1 29. Rxe1 h4 30. Rh1 Rh8 31. Bf1 f6 32. Bh3 e5+ 33.
fxe5+ fxe5+ 34. Kd3 e4+ 35. Kd4 Rf8 36. Rg1 Rxf2 37. Rxg6+ Ke7 38. Rg7+ Kd6 39.
Rg6+ Ke7 40. Re6+ Kf7 41. Kxd5 Rd2+ 42. Kxe4 Ra2 43. Rh6 Rxa4+ 44. Kd5 Kg7 45.
Re6 Ra3 46. Bf5 Rg3 47. Re4 Kf6 48. Bd7 Rg5+ 49. Kc6 Rh5 50. Ra4 Rc5+ 51. Kb7
Ke7 52. Bg4 Ra5 53. Rd4 Kf6 54. Bd1 Ra1 55. Rxh4 Rxd1 56. Kxa7 b5 57. Rb4
1/2-1/2

[Event "Ì13Ï"]
[Site "Loo"]
[Date "2017.04.25"]
[Round "6.15"]
[White "Âàñèëü÷åíêî, Âàäèì."]
[Black "Êóøíàðåíêî, Åãîð."]
[Result "1-0"]
[WhiteElo "1654"]
[BlackElo "1572"]
[PlyCount "147"]
[EventDate "2017.04.20"]

1. e4 c5 2. Nf3 e6 3. d4 cxd4 4. Nxd4 Nf6 5. Nc3 Nc6 6. Ndb5 Bb4 7. a3 Bxc3+ 8.
Nxc3 d5 9. exd5 exd5 10. Bb5 a6 11. Bd3 O-O 12. O-O h6 13. Bf4 Bg4 14. Qd2 Re8
15. Rfe1 Qd7 16. f3 Bf5 17. Kf2 Bxd3 18. Qxd3 Rad8 19. Rad1 d4 20. Rxe8+ Rxe8
21. Ne2 Rd8 22. Kf1 Qe7 23. Bg3 Nd5 24. Kg1 Ne3 25. Rd2 Ne5 26. Qe4 Nc6 27.
Qxe7 Nxe7 28. c3 d3 29. Nc1 Nc4 30. Rxd3 Rc8 31. b3 Nxa3 32. c4 Nc2 33. Na2 Nc6
34. Rd2 N2d4 35. Nc1 Rd8 36. Kf2 f6 37. Bc7 Rc8 38. Bb6 Ne6 39. Rd7 Rb8 40. Ne2
Nf8 41. Rd6 Kf7 42. Ng3 g6 43. Ne4 f5 44. Nc5 Ke7 45. Rd5 Nb4 46. Re5+ Kf6 47.
Re3 Nc6 48. Bc7 Ra8 49. Bb6 Rb8 50. f4 g5 51. g3 gxf4 52. gxf4 Kf7 53. Bc7 Rc8
54. Bb6 Rb8 55. Bc7 Rc8 56. Bd6 Rd8 57. Bxf8 Rxf8 58. Nxb7 Nd4 59. Rd3 Ne6 60.
Kf3 Rb8 61. Rd7+ Kf6 62. c5 Nf8 63. Rd6+ Ke7 64. Na5 Rb5 65. Nc6+ Kf7 66. b4
Ne6 67. Rxe6 Kxe6 68. Nd4+ Kd5 69. Nxb5 axb5 70. Kg3 Kc4 71. c6 Kxb4 72. c7 Ka3
73. c8=Q b4 74. Qc1+ 1-0

[Event "Ì13Ï"]
[Site "Loo"]
[Date "2017.04.25"]
[Round "6.16"]
[White "Õàëèóëëèí, Àëüáåðò."]
[Black "Ìèõååâ, Àëåêñàíäð."]
[Result "0-1"]
[WhiteElo "1930"]
[BlackElo "1500"]
[PlyCount "120"]
[EventDate "2017.04.20"]

1. e4 d6 2. d4 Nf6 3. Nc3 g6 4. g3 Bg7 5. Bg2 O-O 6. Nge2 Nc6 7. h3 e5 8. Be3
exd4 9. Nxd4 Ne5 10. O-O Nfd7 11. Qe2 Nb6 12. Rad1 Nec4 13. Bc1 Qe7 14. Rfe1
Re8 15. Nd5 Nxd5 16. Qxc4 Nb6 17. Qd3 Nd7 18. f4 Nc5 19. Qc4 Ne6 20. c3 a6 21.
a4 Rb8 22. Kh2 b5 23. axb5 axb5 24. Qe2 Nxd4 25. cxd4 Qd7 26. Qd3 Bb7 27. b3
Ra8 28. Re2 b4 29. Rc2 Ra1 30. e5 d5 31. Bb2 Ra2 32. Rdc1 c6 33. g4 f6 34. Rf1
fxe5 35. fxe5 c5 36. dxc5 Rxb2 37. Kh1 Rxc2 38. Qxc2 Rxe5 39. Qd2 d4 40. Qxb4
Bxg2+ 41. Kxg2 Re2+ 42. Kg1 d3 43. Qc4+ Kh8 44. c6 Qd4+ 45. Qxd4 Bxd4+ 46. Kh1
Rc2 47. Rd1 d2 48. c7 Be3 49. Kg2 Rxc7 50. Kf3 Rc3 51. b4 Kg7 52. b5 Kf6 53.
Ke2 Bf4 54. Rf1 Ke5 55. b6 Rb3 56. Ra1 Re3+ 57. Kf2 Rb3 58. Ke2 Rxb6 59. Ra5+
Kf6 60. Ra4 Re6+ 0-1

[Event "Ì13Ï"]
[Site "Loo"]
[Date "2017.04.25"]
[Round "6.17"]
[White "Çàñïàíîâ, Êîíñòàíòèí."]
[Black "Ïîçäååâ, Àëåêñåé."]
[Result "0-1"]
[WhiteElo "1588"]
[BlackElo "1833"]
[PlyCount "56"]
[EventDate "2017.04.20"]

1. e4 c5 2. c3 e6 3. d4 Nf6 4. e5 Nd5 5. Nf3 Nc6 6. Be2 cxd4 7. cxd4 d6 8. O-O
dxe5 9. dxe5 Be7 10. a3 O-O 11. Bd3 h6 12. Qe2 Bd7 13. Nc3 f5 14. exf6 Nxf6 15.
Ne4 e5 16. Nxf6+ Rxf6 17. Nxe5 Nxe5 18. Qxe5 Bd6 19. Qh5 Be8 20. Qe2 Bc6 21.
Be4 Qe7 22. Qc4+ Kh8 23. Bxc6 bxc6 24. Qg4 Raf8 25. Qh3 Rxf2 26. Be3 Bxh2+ 27.
Qxh2 Rxf1+ 28. Rxf1 Qxe3+ 0-1

[Event "Ì13Ï"]
[Site "Loo"]
[Date "2017.04.25"]
[Round "6.18"]
[White "Æàâîðîíêîâ, Àëåêñàíäð."]
[Black "Ñìîëèí, Àëåêñåé."]
[Result "1-0"]
[WhiteElo "1572"]
[BlackElo "1815"]
[PlyCount "131"]
[EventDate "2017.04.20"]

1. Nf3 Nf6 2. d4 g6 3. Bf4 Bg7 4. e3 O-O 5. Be2 d5 6. O-O Bf5 7. c3 h6 8. h3
Nbd7 9. Nbd2 g5 10. Bh2 Bg6 11. Qb3 b6 12. Bb5 Nb8 13. Ne5 Bf5 14. g4 Be6 15.
Qa4 a6 16. Nc6 Nxc6 17. Bxc6 Bd7 18. Bxd7 Nxd7 19. Qc6 e6 20. Qxc7 Qxc7 21.
Bxc7 Rfc8 22. Bg3 f6 23. f4 b5 24. f5 e5 25. a3 e4 26. Rfc1 Rc6 27. a4 Rac8 28.
axb5 axb5 29. Ra5 Rb6 30. Ra7 Nf8 31. Ra5 Nh7 32. Nb3 Bf8 33. Nd2 Kf7 34. Nb3
Kg8 35. Kf1 b4 36. Nc5 bxc3 37. bxc3 Rbc6 38. Na4 Rc4 39. Be1 Bb4 40. Ra6 Bf8
41. Rb1 Kh8 42. Ra7 R4c7 43. Ra5 Rd8 44. Rbb5 Rcd7 45. Nb6 Rb7 46. Nxd5 Rxb5
47. Rxb5 Ra8 48. c4 Ra2 49. c5 Rc2 50. Nb4 Rc4 51. Nd5 Rc2 52. Nc3 h5 53. Nxe4
h4 54. Nd2 Rc3 55. Ke2 Kg8 56. Rb3 Rc2 57. Kd3 Rc1 58. Rb1 Rxb1 59. Nxb1 Be7
60. Nc3 Kf7 61. Nd5 Ke8 62. Nc7+ Kd7 63. Ne6 Nf8 64. Nxf8+ Bxf8 65. Kc4 Kc7 66.
d5 1-0